| 000 | 00710nam a2200193Ii 4500 | ||
|---|---|---|---|
| 003 | JO-AjNU | ||
| 008 | 230605s9999||||xx |||||||||||||| ||und|| | ||
| 040 |
_aJO-AjNU _bara _erda _cJO-AjNU |
||
| 041 | _aara | ||
| 050 | 1 | 4 | _aHM24 .B3268 1984 |
| 100 | 3 |
_aبدوي، فاطمة, _eauthor _936067 |
|
| 245 | 0 | 0 | _aعلم اجتماع المعرفة بين الفكر الخلدوني والفكر الغربي |
| 264 | 3 | 1 | _aبيروت: جروس برس، 1984 |
| 300 |
_a108ص _bيحتوي على ببلوغرافية من 103-108ص |
||
| 336 |
_atext _btxt _2rdacontent |
||
| 337 |
_aunmediated _bn _2rdamedia |
||
| 338 |
_avolume _bnc _2rdacarrier |
||
| 650 | 4 |
_a علم الاجتماع المعرفي _936068 |
|
| 999 |
_aA14951 _c18519 _d18519 |
||